Maths for chemists (Record no. 478513)
[ view plain ]
| 000 -LEADER | |
|---|---|
| fixed length control field | 01073cam a2200349 i 4500 |
| 001 - CONTROL NUMBER | |
| control field | 18141855 |
| 003 - CONTROL NUMBER IDENTIFIER | |
| control field | NUST |
| 005 - DATE AND TIME OF LATEST TRANSACTION | |
| control field | 20180601071314.0 |
| 008 - FIXED-LENGTH DATA ELEMENTS--GENERAL INFORMATION | |
| fixed length control field | 140506s2012 enka 001 0 eng |
| 010 ## - LIBRARY OF CONGRESS CONTROL NUMBER | |
| LC control number | 2013372144 |
| 020 ## - INTERNATIONAL STANDARD BOOK NUMBER | |
| International Standard Book Number | 9781849733595 (pbk) |
| 038 ## - RECORD CONTENT LICENSOR | |
| Staff Name | SNS Library |
| 040 ## - CATALOGING SOURCE | |
| Original cataloging agency | DLC |
| Language of cataloging | eng |
| Description conventions | rda |
| Transcribing agency | DLC |
| 042 ## - AUTHENTICATION CODE | |
| Authentication code | pcc |
| 050 00 - LIBRARY OF CONGRESS CALL NUMBER | |
| Classification number | QD39.3.M3 |
| Item number | C63 2012 |
| 082 ## - DEWEY DECIMAL CLASSIFICATION NUMBER | |
| Classification number | 540.151 |
| 100 1# - MAIN ENTRY--PERSONAL NAME | |
| Personal name | Cockett, Martin. |
| 9 (RLIN) | 10734 |
| 245 10 - TITLE STATEMENT | |
| Title | Maths for chemists |
| Statement of responsibility, etc. | Martin Cockett & Graham Doggett. |
| 250 ## - EDITION STATEMENT | |
| Edition statement | 2nd edition. |
| 264 #1 - PRODUCTION, PUBLICATION, DISTRIBUTION, MANUFACTURE, AND COPYRIGHT NOTICE | |
| Place of production, publication, distribution, manufacture | Cambridge : |
| Name of producer, publisher, distributor, manufacturer | RSC Publishing, |
| Date of production, publication, distribution, manufacture, or copyright notice | [2012] |
| 300 ## - PHYSICAL DESCRIPTION | |
| Extent | xiv, 389 pages : |
| Other physical details | illustrations ; |
| Dimensions | 25 cm. |
| 336 ## - CONTENT TYPE | |
| Content type term | text |
| Content type code | txt |
| Source | rdacontent |
| 337 ## - MEDIA TYPE | |
| Media type term | unmediated |
| Media type code | n |
| Source | rdamedia |
| 338 ## - CARRIER TYPE | |
| Carrier type term | volume |
| Carrier type code | nc |
| Source | rdacarrier |
| 490 0# - SERIES STATEMENT | |
| Series statement | Tutorial chemistry texts ; |
| Volume/sequential designation | no. 25 |
| 500 ## - GENERAL NOTE | |
| General note | Includes index. |
| 650 #0 - SUBJECT ADDED ENTRY--TOPICAL TERM | |
| Topical term or geographic name entry element | Chemistry |
| General subdivision | Mathematics. |
| 9 (RLIN) | 10735 |
| 700 1# - ADDED ENTRY--PERSONAL NAME | |
| Personal name | Doggett, Graham. |
| 9 (RLIN) | 10736 |
| 906 ## - LOCAL DATA ELEMENT F, LDF (RLIN) | |
| a | 7 |
| b | cbc |
| c | origcop |
| d | 2 |
| e | ncip |
| f | 20 |
| g | y-gencatlg |
| 942 ## - ADDED ENTRY ELEMENTS (KOHA) | |
| Source of classification or shelving scheme | |
| Koha item type | Book |
| Withdrawn status | Lost status | Source of classification or shelving scheme | Damaged status | Not for loan | Permanent Location | Current Location | Date acquired | Total Checkouts | Full call number | Barcode | Date last seen | Date last checked out | Price effective from | Koha item type |
|---|---|---|---|---|---|---|---|---|---|---|---|---|---|---|
| School of Natural Sciences (SNS) | School of Natural Sciences (SNS) | 06/01/2018 | 3 | 540.151 | SNS0002327 | 12/16/2022 | 11/09/2020 | 06/01/2018 | Book |
